Religionistika v systéme výchovy k občianstvu (filozofické aspekty)

Bibliographic Details
Main Author: Vrabcová, Janka (Author)
Format: Article
Language:Slovak
ISBN:9788089141142

MARC

LEADER 00000naa a2200000uu 4500
001 vtls011074671
003 SK-MaSNL
005 20260302111358.0
008 210908|2008 xo |||||||||||||||||slo|
015 |a SNBRA 
035 |a (urnnbn)urn:nbn:sk:snk:ar-a0cdfv 
035 |a (uuid)6679227f-1e13-466b-8c16-bf159c737c8c 
035 |a urn:nbn:sk:snk-aavjmt 
040 |a SNKBUCL  |b slo  |c SNKBUCL  |e AACR2 
041 0 |a slo 
044 |a xo  |c SK 
100 1 |a Vrabcová, Janka  |4 aut  |9 12908 
245 1 0 |a Religionistika v systéme výchovy k občianstvu (filozofické aspekty)  |c Janka Vrabcová 
773 0 |t Učiť sa a žiť spolu - investícia do budúcnosti  |d Bratislava : Informačná kancelária Rady Európy, 2008  |g S. 103-107  |z 9788089141142 
958 |a OND 
958 |a article12 
958 |a chapter 
999 |c 1247430  |d 1249360